Les homonymes dans la langue française - lettre B - Statistiques

Statistiques générales
  • Ce quiz a été pris 428 fois
  • Le résultat moyen est 14 sur 16
Statistiques - réponses
Mot Indice Homonyme % Correct
bal jeu balle
99%
bau joli beau
99%
ban on s'y repose banc
97%
barre poisson bar
97%
basilic cathédrale basilique
96%
bique stylo bic
96%
bosse patron (anglais) boss
96%
bai groseille baie
95%
box sport boxe
95%
balai spectacle ballet
88%
boulot arbre bouleau
87%
bon saut bond
86%
bas il blesse souvent bât
80%
bau pied bot
67%
bai bouche bée
61%
billot sans engrais bio
52%
Aucun quiz correspondant
Distribution des résultats
% des personnes avec chaque résultat
Percentile par nombre de réponses
Votre historique - résultats
Vous n’avez pas pris ce quiz